| 000 | 00670nam a2200193 i 4500 | ||
|---|---|---|---|
| 001 | 86989 | ||
| 003 | ES-MaACL | ||
| 005 | 20230906175551.0 | ||
| 007 | t| | ||
| 008 | 041217s1947 sp ||||1| spa d | ||
| 100 | 1 |
_aKlockmann, F. _968283 |
|
| 245 | 1 | 0 |
_aTratado de mineralogía / _cF. Klockmann, P. Randohz ; versión de la 12ª edición alemana por Francisco Pardillo Vázquez. |
| 260 |
_aBarcelona : _bGustavo Gili, _c1947 ( _fSociedad Alianza de Artes Gráficas) |
||
| 300 |
_a702 p. : _bil. ; _c25 cm. |
||
| 650 | 0 | 4 |
_aMineralogía. _915053 |
| 700 | 1 |
_aRandohz, P. _995410 |
|
| 700 | 1 |
_aPardillo Vázquez, Francisco. _988953 |
|
| 852 |
_aES-MaACL _jC-4646 _bR.25084 |
||
| 999 |
_c86989 _d86989 |
||